| 000 | 03290nam a22002417a 4500 | ||
|---|---|---|---|
| 003 | Uzh_bibl | ||
| 008 | 260422b |||||||| |||| 00| 0 ukr d | ||
| 020 |
_a978-966-03-8008-0 _c33.00 |
||
| 040 | _bукр. | ||
| 041 |
_2ukr _aukr |
||
| 080 | _a94(477) | ||
| 090 |
_a94(477) _bА 18 |
||
| 100 | _aАваков,Арсен | ||
| 245 |
_aЛенін з нами ? _cхудож.оформ.М.С.Мендор _hТекст |
||
| 260 |
_aХарків _bФоліо _c2017 |
||
| 300 |
_a157 с. _fВ опр. |
||
| 520 | _aСтаття українського політика і відомого громадського діяча Арсена Авакова «Ленін з нами» була опублікована в електронних ЗМІ 2007 року й викликала великий громадський резонанс та гарячу дискусію в інтернеті. Тому видання книги «Ленін з нами» 2008 року включало не лише, власне, статтю, а й добірку коментарів та обговорення в різних електронних ЗМІ — свого роду, «інтернет-епістолярій», громадську відповідь на питання актуальності й необхідності декомунізації, звільнення від міфів та ідолів радянської пропаганди. Через десять років автор знову повертається до теми, додавши до заголовку знак питання. Після Революції Гідності, епохи «ленінопаду» й Закону про декомунізацію читач дістає можливість згадати прямі цитати вождя та ідеолога комунізму в колишньому СРСР і, можливо, по-новому оцінити своє ставлення до Леніна — як цілком певної історичної особистості, так і міфу радянської пропаганди. У збірку додано цікавий документальний розділ хроніки народного «ленінопаду» й офіційну статистику Інституту національної пам’яті України про демонтаж пам’ятників Леніну в різних областях. Завершує книжку добірка міркувань і відгуків відомих українських політиків, громадських діячів та публіцистів. Нове доповнене видання книги Арсена Авакова «Ленін з нами?» продовжує актуальну й цілком необхідну для побудови зрілої демократії широку громадську дискусію. | ||
| 521 | _aДля широкого кола читачів | ||
| 546 | _aукр. | ||
| 650 | _aГромадсько-політичне видання | ||
| 653 |
_aРадянська пропаганда _aДекомунізація |
||
| 942 |
_2udc _cBK |
||
| 999 |
_c17436 _d17436 |
||